Normal view
MARC view
Entry Geographic Name
001 - CONTROL NUMBER
- control field: 282997
003 - CONTROL NUMBER IDENTIFIER
- control field:
005 - DATE AND TIME OF LATEST TRANSACTION
- control field: 20210601211957.0
008 - FIXED-LENGTH DATA ELEMENTS
- fixed length control field: 210601|| aca||aabn | a|a d
040 ## - CATALOGING SOURCE
- Original cataloging agency:
- Transcribing agency:
151 ## - HEADING--GEOGRAPHIC NAME
- Geographic name: Latin America
- General subdivision: Description and travel
- General subdivision: Guidebooks
670 ## - SOURCE DATA FOUND
- Source citation: Work cat.: (): The new World guides to the Latin American republics /, 1950
